| 000 | 00455nam a22001697a 4500 | ||
|---|---|---|---|
| 005 | 20260504141328.0 | ||
| 008 | 260504b |||||||| |||| 00| 0 eng d | ||
| 020 | _a978-0-13-275191-9 | ||
| 082 |
_a658.5 _bTAY-I |
||
| 100 | _aTaylor III, Bernard W., | ||
| 245 | _aIntroduction to Management Science | ||
| 250 | _a11th Ed | ||
| 260 |
_a New Jersey _b Pearson Education, Inc., _c2013 |
||
| 300 | _a848 p. | ||
| 650 | _aManagement science. | ||
| 942 | _cBK | ||
| 999 |
_c47499 _d47499 |
||